000
00329 a2200157 4500
001
64066
020
_a
9788575591840
040
_c
Anchieta - Pituba
100
_a
Harvey, David
240
1
0
_a
O enigma do capital
_l
por
245
1
0
_a
O enigma do capital
300
_a
235
362
0
_a
2011
650
4
_a
Sistemas
942
_c
BK
999
_c
64066
_d
64066